| 000 | 00646cam a22002531 4500 | ||
|---|---|---|---|
| 001 | sa 64002003 | ||
| 003 | DLC | ||
| 005 | 20260227112007.0 | ||
| 008 | 881025s1963 ii a 000 0 hino | ||
| 010 | _asa 64002003 | ||
| 025 | _aPK480:I-H-1230 | ||
| 035 | _a(OCoLC)23568288 | ||
| 040 |
_aDLC _cMiU _dTxU _dDLC |
||
| 042 | _apremarc | ||
| 043 | _aa-ii--- | ||
| 050 | 0 | 0 |
_aHQ669 _b.V3 |
| 100 | 1 |
_aVarmā, Sāvitrī Devī, _d1911- |
|
| 245 | 1 | 0 | _aSuno kāna meṃ. |
| 250 | _aPratham saṃskaraṇa. | ||
| 260 |
_aDilli : _bĀtmārāma, _c1963. |
||
| 300 |
_a303 p. _billus. _c22 cm. |
||
| 500 | _aRomanized. | ||
| 650 | 0 |
_aMarriage _zIndia. |
|
| 999 |
_c57096 _d57096 |
||